[Event "IX Floripa Chess Open Fort Atacadista"]
[Site "Florianópolis - Santa Catari"]
[Date "2023.01.26"]
[Round "5.147"]
[White "Ferreira, Rodrigo Maycon Mira"]
[Black "Machado, Wesley Henrique"]
[Result "1-0"]
[WhiteElo "1781"]
[BlackElo "1487"]
[PlyCount "105"]
[EventDate "2023.01.23"]
[EventRounds "10"]
[EventCountry "BRA"]

1. d4 Nf6 2. c4 e6 3. a3 b6 4. Nc3 Bb7 5. Nf3 Be7 6. e3 Ne4 7. Qc2 f5 8. Bd3
Nxc3 9. Qxc3 g5 10. b3 Bf6 11. Bb2 g4 12. Nd2 Bxg2 13. Rg1 Bb7 14. O-O-O c5 15.
b4 Qc7 16. Qb3 cxb4 17. axb4 Rf8 18. e4 Qf4 19. e5 Bh4 20. d5 Na6 21. dxe6 dxe6
22. c5 Ke7 23. Bxa6 Bxa6 24. b5 Bc8 25. c6 Kf7 26. Kb1 Bxf2 27. Rgf1 Qe3 28.
Qa2 Qd3+ 29. Ka1 Bd4 30. Nc4 Bxb2+ 31. Nxb2 Qxb5 32. Rxf5+ Kg7 33. Rxf8 Kxf8
34. Qa3+ Qc5 35. Qg3 Qxc6 36. Qf4+ Ke8 37. Qxg4 Bd7 38. Qg5 Qf3 39. Qg8+ Qf8
40. Qxh7 Rd8 41. Rg1 Bb5 42. Rg8 a6 43. Rxf8+ Kxf8 44. Qh8+ Ke7 45. Qf6+ Kd7
46. Qf7+ Kc6 47. Qxe6+ Kc7 48. h4 Kb7 49. h5 Re8 50. Qf7+ Kc8 51. e6 Kd8 52. h6
Re7 53. h7 1-0

[Event "IX Floripa Chess Open Fort Atacadista"]
[Site "Florianópolis - Santa Catari"]
[Date "2023.01.26"]
[Round "5.148"]
[White "Dias, Clara"]
[Black "Moro, Antonio Renato Pere"]
[Result "1-0"]
[WhiteElo "1430"]
[BlackElo "1770"]
[PlyCount "69"]
[EventDate "2023.01.23"]
[EventRounds "10"]
[EventCountry "BRA"]

1. e4 Nc6 2. d4 d5 3. e5 Bf5 4. Nf3 e6 5. Bd3 Bg4 6. c3 f6 7. h3 Bh5 8. exf6
gxf6 9. Qe2 Qe7 10. g4 Bf7 11. Bf4 O-O-O 12. Nbd2 Re8 13. O-O-O e5 14. Bf5+ Kb8
15. dxe5 fxe5 16. Bg5 Qc5 17. Nb3 Qd6 18. Nbd2 Bg7 19. Ne4 Qf8 20. Ng3 e4 21.
Nd4 Ne5 22. Kb1 a6 23. f3 exf3 24. Nxf3 Nxg4 25. Qd2 N4f6 26. Rhe1 Ne7 27. Ne5
Ka8 28. Nd7 Nxd7 29. Bxd7 Bg6+ 30. Ka1 h6 31. Bxe8 hxg5 32. Bxg6 Nxg6 33. Qxd5
Qf4 34. Ne4 Rxh3 35. Qg8+ 1-0

[Event "IX Floripa Chess Open Fort Atacadista"]
[Site "Florianópolis - Santa Catari"]
[Date "2023.01.26"]
[Round "5.149"]
[White "Brito, Nicolas Neres"]
[Black "Fischer Junior, Donaldo"]
[Result "1/2-1/2"]
[WhiteElo "1426"]
[BlackElo "1763"]
[PlyCount "91"]
[EventDate "2023.01.23"]
[EventRounds "10"]
[EventCountry "BRA"]

1. d4 d5 2. c4 e6 3. Nc3 Nf6 4. cxd5 exd5 5. Bg5 Be7 6. e3 Bf5 7. Bxf6 Bxf6 8.
Qb3 c6 9. Qxb7 Bc8 10. Qb3 Qe7 11. Be2 O-O 12. Nf3 Bf5 13. O-O Nd7 14. Qa4 Qd6
15. Rac1 Rfb8 16. Nd1 Rb6 17. Qa5 Bd8 18. Qc3 Be7 19. g3 Bg4 20. Qd2 Qh6 21.
Ne1 Bh3 22. Ng2 f5 23. Bf3 Bd6 24. Rxc6 Nf6 25. Rxb6 axb6 26. Nc3 Ne4 27. Bxe4
dxe4 28. f3 exf3 29. Rxf3 Bg4 30. Rf1 g5 31. Qc2 Rf8 32. Ne2 Rf6 33. Rf2 Qh5
34. Qc8+ Bf8 35. Qc4+ Kh8 36. e4 Bf3 37. e5 Re6 38. Qd3 Be4 39. Qe3 Bb4 40. Nc3
Bxc3 41. bxc3 Qd1+ 42. Qe1 Qd3 43. Qe3 Qb1+ 44. Qe1 Qd3 45. Qe3 Qb1+ 46. Ne1
1/2-1/2

[Event "IX Floripa Chess Open Fort Atacadista"]
[Site "Florianópolis - Santa Catari"]
[Date "2023.01.26"]
[Round "5.151"]
[White "Mariot Vaz, Joao Antonio Bertol"]
[Black "De Brito, Gabrielly Rodrigues"]
[Result "1-0"]
[WhiteElo "1756"]
[BlackElo "1415"]
[PlyCount "75"]
[EventDate "2023.01.23"]
[EventRounds "10"]
[EventCountry "BRA"]

1. e4 d6 2. d4 Nf6 3. Nc3 e5 4. Nf3 Nbd7 5. Bc4 Be7 6. O-O O-O 7. Re1 c6 8. a4
Nb6 9. Bb3 Bg4 10. dxe5 Bxf3 11. Qxf3 dxe5 12. Bg5 Qc7 13. Nd1 Nfd5 14. Bxe7
Nxe7 15. Ne3 Rad8 16. h4 Qd6 17. Rad1 Qf6 18. Qxf6 gxf6 19. a5 Nd7 20. Rd6 Nc5
21. Red1 Rxd6 22. Rxd6 Nxe4 23. Rd7 Ng6 24. Rxb7 a6 25. Nf5 Nc5 26. Rb6 Nxb3
27. cxb3 Ra8 28. Rxc6 Rb8 29. Rxa6 Rxb3 30. h5 Nf8 31. Rb6 Rd3 32. a6 Rd1+ 33.
Kh2 Ra1 34. b4 Ra4 35. g3 Ra2 36. Kg2 e4 37. h6 e3 38. Nxe3 1-0

[Event "IX Floripa Chess Open Fort Atacadista"]
[Site "Florianópolis - Santa Catari"]
[Date "2023.01.26"]
[Round "5.152"]
[White "Pavao, Alice Lara Biasi"]
[Black "Mendonca, Erico"]
[Result "0-1"]
[WhiteElo "1401"]
[BlackElo "1756"]
[PlyCount "76"]
[EventDate "2023.01.23"]
[EventRounds "10"]
[EventCountry "BRA"]

1. c4 e6 2. g3 d5 3. Bg2 c6 4. b3 f5 5. Nf3 Nf6 6. O-O Bc5 7. d4 Bd6 8. e3 O-O
9. cxd5 cxd5 10. Bb2 Nbd7 11. Nc3 a6 12. Qe2 Ne4 13. Nd2 Ndf6 14. Ndxe4 fxe4
15. Rac1 Bd7 16. a3 b5 17. b4 Be8 18. Rc2 Bh5 19. f3 Nd7 20. g4 Qh4 21. Bh1
exf3 22. Bxf3 Rxf3 23. Qxf3 Rf8 24. Qg2 Rxf1+ 25. Qxf1 Bxg4 26. Qf2 Qh5 27. Ne2
Nf6 28. Ng3 Qg6 29. Rc6 Bxg3 30. hxg3 h5 31. Rxa6 Qb1+ 32. Kh2 Ne4 33. Qg2 Ng5
34. Ra8+ Kh7 35. Rf8 Qd1 36. Qf2 Nf3+ 37. Kg2 Bh3+ 38. Kxh3 Qh1+ 0-1

[Event "IX Floripa Chess Open Fort Atacadista"]
[Site "Florianópolis - Santa Catari"]
[Date "2023.01.26"]
[Round "5.153"]
[White "Silva, Juliana Figueira Th"]
[Black "Silvestre, Gilmar Severino"]
[Result "1-0"]
[WhiteElo "1393"]
[BlackElo "1749"]
[PlyCount "89"]
[EventDate "2023.01.23"]
[EventRounds "10"]
[EventCountry "BRA"]

1. Nf3 Nf6 2. g3 b6 3. Bg2 Bb7 4. d3 e6 5. O-O Be7 6. Nbd2 d6 7. e4 Nbd7 8. Ne1
c5 9. e5 Bxg2 10. exf6 Bxf1 11. fxe7 Qxe7 12. Nxf1 O-O 13. Ne3 d5 14. Bd2 f5
15. f4 Rae8 16. Nf3 Qd6 17. d4 cxd4 18. Nxd4 Qc5 19. Nb3 Qd6 20. a3 a5 21. Bc3
Nf6 22. Qd4 Rf7 23. Nc4 Qc7 24. Nxb6 Ne4 25. Na4 Rc8 26. Rc1 Nxc3 27. Nxc3 Qb7
28. Re1 Rc4 29. Qf2 Qa6 30. Nd4 Qb6 31. Ndb5 d4 32. b3 Rc5 33. Qxd4 Rxb5 34.
Nxb5 Qxb5 35. Rxe6 Rd7 36. Rd6 Rc7 37. Rb6 Qe8 38. Qd5+ Kh8 39. Re6 Qb8 40. Qe5
Qa7+ 41. Kf1 h6 42. Re8+ Kh7 43. Qxf5+ g6 44. Qf8 Qa6+ 45. Ke1 1-0

[Event "IX Floripa Chess Open Fort Atacadista"]
[Site "Florianópolis - Santa Catari"]
[Date "2023.01.26"]
[Round "5.154"]
[White "Melo, Igor De Souza"]
[Black "De Sousa, Elizeu Santiago Tav"]
[Result "1-0"]
[WhiteElo "1749"]
[BlackElo "1401"]
[PlyCount "67"]
[EventDate "2023.01.23"]
[EventRounds "10"]
[EventCountry "BRA"]

1. e4 c5 2. Nf3 d6 3. Bb5+ Bd7 4. Bxd7+ Qxd7 5. O-O Nf6 6. Qe2 Nc6 7. Rd1 g6 8.
c3 Qg4 9. Re1 Bg7 10. h3 Qd7 11. d4 cxd4 12. cxd4 O-O 13. d5 Nb4 14. Nc3 Rac8
15. Bf4 Nh5 16. Be3 Bxc3 17. bxc3 Rxc3 18. Qb2 Rc4 19. Nd2 Nd3 20. Qb3 Nxe1 21.
Nxc4 Nf3+ 22. gxf3 Qxh3 23. Bh6 f5 24. Qxb7 fxe4 25. Qxe7 Qxf3 26. Qxf8+ Qxf8
27. Bxf8 Kxf8 28. Nxd6 Nf6 29. Rd1 a6 30. Rd4 Ke7 31. Nxe4 Nxe4 32. Rxe4+ Kd6
33. Re6+ Kxd5 34. Rxa6 1-0

[Event "IX Floripa Chess Open Fort Atacadista"]
[Site "Florianópolis - Santa Catari"]
[Date "2023.01.26"]
[Round "5.155"]
[White "Arndt, Claudio Felipe"]
[Black "Deretti, Lucas Jurk"]
[Result "0-1"]
[WhiteElo "1744"]
[BlackElo "1392"]
[PlyCount "112"]
[EventDate "2023.01.23"]
[EventRounds "10"]
[EventCountry "BRA"]

1. d4 Nf6 2. Bf4 d6 3. Nc3 Bf5 4. f3 d5 5. e3 c6 6. Bd3 Bg6 7. g4 Nbd7 8. h4
Nb6 9. h5 Bxd3 10. cxd3 Nfd7 11. Qd2 f6 12. O-O-O e5 13. Bg3 Bd6 14. Nge2 Qc7
15. dxe5 fxe5 16. Kb1 O-O-O 17. Rc1 a6 18. e4 Nf6 19. g5 d4 20. gxf6 dxc3 21.
Nxc3 gxf6 22. Bh4 Be7 23. Qe3 Rd4 24. Ne2 Rb4 25. Rhg1 Qd6 26. Ng3 Na4 27. Rc2
Rg8 28. Rgc1 Rxg3 29. Bxg3 Rb5 30. Ka1 Nc5 31. d4 Ne6 32. d5 Nd4 33. Rc4 Qd7
34. Qd3 Kb8 35. Bf2 c5 36. Bxd4 exd4 37. Rg1 Bd6 38. Rc2 Ra5 39. Rg8+ Ka7 40.
Rcg2 Qa4 41. a3 Be5 42. Qd2 c4 43. Qc2 Qb5 44. Rc8 c3 45. Ka2 Qd7 46. Rgg8 cxb2
47. Ra8+ Kb6 48. Kb1 Qb5 49. Qxb2 d3 50. Qxb5+ Rxb5+ 51. Ka2 Rb2+ 52. Ka1 Kc5
53. Rac8+ Kb5 54. f4 Bd4 55. d6 d2 56. Rg1 Bxg1 0-1

[Event "IX Floripa Chess Open Fort Atacadista"]
[Site "Florianópolis - Santa Catari"]
[Date "2023.01.26"]
[Round "5.156"]
[White "Nagel, Yasmin Da Silva"]
[Black "Predebon, Eduardo Angonesi"]
[Result "1/2-1/2"]
[WhiteElo "1386"]
[BlackElo "1740"]
[PlyCount "93"]
[EventDate "2023.01.23"]
[EventRounds "10"]
[EventCountry "BRA"]

1. e4 c5 2. Nf3 d6 3. d4 cxd4 4. Nxd4 Nf6 5. Nc3 a6 6. Be2 e5 7. Nb3 Be6 8. Be3
Nbd7 9. O-O Be7 10. Qd2 Rc8 11. f4 Qc7 12. Rac1 b5 13. Nd5 Bxd5 14. exd5 O-O
15. c4 bxc4 16. Bxc4 Ne4 17. Qd3 Nec5 18. Nxc5 Nxc5 19. Bxc5 Qxc5+ 20. Kh1 Qb6
21. Qe2 Rc5 22. fxe5 dxe5 23. Qxe5 Bf6 24. Qe2 Qxb2 25. Qxb2 Bxb2 26. Rc2 Rfc8
27. Rf4 Be5 28. Re4 Rxd5 29. Bxd5 Rxc2 30. g3 Bd6 31. Re8+ Bf8 32. Ra8 Rd2 33.
Bc4 Rc2 34. Bb3 Rc6 35. Ra7 Rf6 36. Bc4 g5 37. Rxa6 Rxa6 38. Bxa6 Ba3 39. g4
Kg7 40. Kg2 Kf6 41. Kf3 Ke5 42. Bd3 h6 43. Bc4 f6 44. Bd3 Kd4 45. Bf5 Kc3 46.
h3 Kb4 47. Be6 1/2-1/2

[Event "IX Floripa Chess Open Fort Atacadista"]
[Site "Florianópolis - Santa Catari"]
[Date "2023.01.26"]
[Round "5.157"]
[White "Ribeiro Carrico, Victor Hugo"]
[Black "Fossatti, Igor Anton"]
[Result "1-0"]
[WhiteElo "1737"]
[BlackElo "1391"]
[PlyCount "67"]
[EventDate "2023.01.23"]
[EventRounds "10"]
[EventCountry "BRA"]

1. e4 c5 2. Nf3 d6 3. d4 cxd4 4. Nxd4 Nf6 5. Nc3 a6 6. Be2 e6 7. O-O Be7 8. Be3
O-O 9. f4 Nbd7 10. Bf3 Qb6 11. Nf5 Qd8 12. Nxd6 Qc7 13. Nxc8 Raxc8 14. e5 Ne8
15. a4 f6 16. exf6 Bxf6 17. Ra3 Rd8 18. Qe2 Be7 19. Rb3 Nc5 20. Bxc5 Bxc5+ 21.
Kh1 Qxf4 22. Qxe6+ Kh8 23. Rxb7 Rd6 24. Qe4 Rd1 25. Rxd1 Qxe4 26. Nxe4 Be3 27.
Rd8 h6 28. Re7 Bg5 29. Rexe8 Bxd8 30. Rxf8+ Kh7 31. Rxd8 a5 32. Bh5 g6 33. Rd7+
Kg8 34. Nf6+ 1-0

[Event "IX Floripa Chess Open Fort Atacadista"]
[Site "Florianópolis - Santa Catari"]
[Date "2023.01.26"]
[Round "5.158"]
[White "Morato, Saulo Duenas"]
[Black "Parijos De Melo, Luiz Claudio"]
[Result "0-1"]
[WhiteElo "1345"]
[BlackElo "1737"]
[PlyCount "92"]
[EventDate "2023.01.23"]
[EventRounds "10"]
[EventCountry "BRA"]

1. d4 Nf6 2. c4 c5 3. d5 b5 4. b3 g6 5. Bg5 Bg7 6. Nd2 Qa5 7. a3 bxc4 8. b4
cxb4 9. Nxc4 Qxd5 10. Bxf6 Qxd1+ 11. Rxd1 Bxf6 12. axb4 d5 13. Nd2 Nc6 14. b5
Nd4 15. e3 Nc2+ 16. Ke2 Bd7 17. Kf3 h5 18. h3 Na3 19. Nb3 e6 20. e4 dxe4+ 21.
Kxe4 Bxb5 22. Bxb5+ Nxb5 23. Rd3 Ke7 24. Nf3 a5 25. Ne5 Nd6+ 26. Rxd6 Bxe5 27.
Rd3 Bg7 28. Nd4 Rhc8 29. Rhd1 Rc4 30. Kf3 Rxd4 31. Rxd4 Bxd4 32. Rxd4 a4 33.
Rd2 a3 34. Ra2 e5 35. Ke4 Ke6 36. g3 f5+ 37. Ke3 Kd5 38. Kd3 g5 39. h4 gxh4 40.
gxh4 Ra4 41. f4 Rxf4 42. Rh2 Ra4 43. Kc2 a2 44. Kb3 a1=Q 45. Rd2+ Rd4 46. Rc2
Rd3+ 0-1

[Event "IX Floripa Chess Open Fort Atacadista"]
[Site "Florianópolis - Santa Catari"]
[Date "2023.01.26"]
[Round "5.159"]
[White "Flesch, Lucas Henrique Ye"]
[Black "Cordioli, Jairo Ribeiro"]
[Result "1/2-1/2"]
[WhiteElo "1306"]
[BlackElo "1735"]
[PlyCount "41"]
[EventDate "2023.01.23"]
[EventRounds "10"]
[EventCountry "BRA"]

1. e4 c5 2. Nf3 d6 3. c3 Nf6 4. Be2 Nc6 5. d4 Bd7 6. d5 Ne5 7. Nxe5 dxe5 8. Nd2
g6 9. O-O Bg7 10. f3 O-O 11. b4 Qc7 12. Qc2 b6 13. bxc5 bxc5 14. Nb3 Ba4 15.
Qd3 Bxb3 16. axb3 Nh5 17. g3 Rfd8 18. Qc4 Rac8 19. b4 cxb4 20. Qxc7 Rxc7 21.
cxb4 1/2-1/2

[Event "IX Floripa Chess Open Fort Atacadista"]
[Site "Florianópolis - Santa Catari"]
[Date "2023.01.26"]
[Round "5.160"]
[White "Favaretto, Felipe Della Preve"]
[Black "Sanchez, Ivan Roberto"]
[Result "0-1"]
[WhiteElo "1207"]
[BlackElo "1731"]
[PlyCount "66"]
[EventDate "2023.01.23"]
[EventRounds "10"]
[EventCountry "BRA"]

1. c4 e5 2. Nc3 Nf6 3. g3 Bb4 4. Bg2 Bxc3 5. bxc3 d6 6. e4 O-O 7. Ne2 Bg4 8.
O-O Qc8 9. f3 Bh3 10. d3 Bxg2 11. Kxg2 Nc6 12. Bg5 Nd7 13. Be3 b6 14. Ng1 Qe8
15. Nh3 f6 16. f4 Na5 17. f5 Nb7 18. g4 Ndc5 19. Rb1 a5 20. Kh1 Rd8 21. Rg1 Qc6
22. Bxc5 dxc5 23. g5 Nd6 24. Qg4 Rd7 25. gxf6 Rxf6 26. Ng5 Nxf5 27. Nf3 Nh6 28.
Qg3 Qd6 29. Nxe5 Re7 30. Ng4 Nxg4 31. Qxg4 Qxd3 32. Qc8+ Rf8 33. Rxg7+ Rxg7 0-1

[Event "IX Floripa Chess Open Fort Atacadista"]
[Site "Florianópolis - Santa Catari"]
[Date "2023.01.26"]
[Round "5.192"]
[White "Teramoto, Anderson"]
[Black "Carvalho, Kayle Fabricio Amor"]
[Result "1/2-1/2"]
[WhiteElo "1607"]
[BlackElo "1347"]
[PlyCount "48"]
[EventDate "2023.01.23"]
[EventRounds "10"]
[EventCountry "BRA"]

1. c4 c5 2. g3 Nf6 3. Bg2 d5 4. cxd5 Nxd5 5. Nc3 e6 6. Nf3 Nc6 7. O-O Be7 8. d3
O-O 9. Bd2 h5 10. h4 Rb8 11. Rc1 b6 12. a3 Bb7 13. Qa4 a6 14. Ne4 Rc8 15. Neg5
b5 16. Qd1 Nd4 17. Nxd4 cxd4 18. Nf3 Bc5 19. Bh3 Qe7 20. Ng5 Bb6 21. e4 dxe3
22. Bxe3 Bxe3 23. fxe3 Rxc1 24. Qxc1 Qd6 1/2-1/2

[Event "IX Floripa Chess Open Fort Atacadista"]
[Site "Florianópolis - Santa Catari"]
[Date "2023.01.26"]
[Round "5.193"]
[White "Oliveira, Isaac Rodrigues"]
[Black "Campagnolo, Bruna"]
[Result "0-1"]
[WhiteElo "1356"]
[BlackElo "1607"]
[PlyCount "118"]
[EventDate "2023.01.23"]
[EventRounds "10"]
[EventCountry "BRA"]

1. e4 c5 2. Nf3 e6 3. d4 cxd4 4. Nxd4 Nf6 5. Bd3 d6 6. O-O Be7 7. c4 Nbd7 8.
Re1 O-O 9. Nc3 Ne5 10. Bf1 Bd7 11. f4 Nc6 12. Ndb5 Ne8 13. Be3 a6 14. Nd4 e5
15. Nxc6 Bxc6 16. f5 Bg5 17. Qd2 Bxe3+ 18. Qxe3 Nc7 19. Red1 Qe7 20. Rac1 Rfd8
21. Nd5 Bxd5 22. cxd5 b5 23. Qb6 Ne8 24. Rc6 Nf6 25. Rc7 Rd7 26. Qc6 Rad8 27.
Rxd7 Qxd7 28. Bd3 Qa7+ 29. Kf1 Ng4 30. Rd2 Nxh2+ 31. Ke2 Ng4 32. Kd1 Nf2+ 33.
Kc2 Nxd3 34. Rxd3 Qf2+ 35. Rd2 Qc5+ 36. Kd1 Qa7 37. b4 Kf8 38. Kc1 Ke7 39. Kb2
Rd7 40. Qc3 Rc7 41. Qg3 Kf8 42. Qh4 Rc8 43. Qxh7 Qc7 44. Qh8+ Ke7 45. Qh4+ Kd7
46. Qe1 Qc3+ 47. Kb1 Qxb4+ 48. Ka1 Qc3+ 49. Kb1 Rc4 50. a3 Qxa3 51. Rb2 Qd3+
52. Ka1 Rxe4 53. Qf2 Ra4+ 54. Ra2 Qc3+ 55. Kb1 Rb4+ 56. Rb2 Rxb2+ 57. Qxb2
Qxb2+ 58. Kxb2 a5 59. Kb3 a4+ 0-1

[Event "IX Floripa Chess Open Fort Atacadista"]
[Site "Florianópolis - Santa Catari"]
[Date "2023.01.26"]
[Round "5.194"]
[White "Pereira, Armando Scharlau"]
[Black "Feller, Isadora Cristina Vi"]
[Result "1/2-1/2"]
[WhiteElo "1581"]
[BlackElo "1310"]
[PlyCount "90"]
[EventDate "2023.01.23"]
[EventRounds "10"]
[EventCountry "BRA"]

1. c4 c6 2. Nf3 Nf6 3. Nc3 d5 4. e3 Bg4 5. d4 e6 6. cxd5 cxd5 7. Qa4+ Nbd7 8.
Ne5 a6 9. Nxg4 Nxg4 10. Be2 b5 11. Qb3 Ngf6 12. Bf3 Bd6 13. O-O O-O 14. Bd2 Nb6
15. Rfd1 Rc8 16. Ne2 Nc4 17. Bb4 Rc6 18. Bxd6 Qxd6 19. Ng3 Rfc8 20. e4 dxe4 21.
Nxe4 Nxe4 22. Bxe4 R6c7 23. d5 Qf4 24. Re1 Nd2 25. Qd3 Nxe4 26. Rxe4 Rc1+ 27.
Re1 Rxa1 28. Rxa1 Rc1+ 29. Rxc1 Qxc1+ 30. Qf1 Qxf1+ 31. Kxf1 exd5 32. Ke2 f5
33. Kd3 Kf7 34. Kd4 Ke6 35. f4 Kd6 36. b4 h6 37. g3 g6 38. h3 g5 39. h4 gxf4
40. gxf4 h5 41. a3 Ke6 42. Kc5 d4 43. Kxd4 Kd6 44. Ke3 Kd5 45. Kd3 Ke6 1/2-1/2

[Event "IX Floripa Chess Open Fort Atacadista"]
[Site "Florianópolis - Santa Catari"]
[Date "2023.01.26"]
[Round "5.195"]
[White "Calsing, Enzo Guedes"]
[Black "Americano, Lucca Casarini"]
[Result "0-1"]
[WhiteElo "1316"]
[BlackElo "1563"]
[PlyCount "68"]
[EventDate "2023.01.23"]
[EventRounds "10"]
[EventCountry "BRA"]

1. d4 d5 2. c4 e6 3. Nc3 Nf6 4. Bg5 Be7 5. e3 O-O 6. Nf3 h6 7. Bh4 Nbd7 8. cxd5
exd5 9. Bd3 b6 10. O-O Bb7 11. Rc1 Rc8 12. Nb5 c5 13. a3 a6 14. Nc3 c4 15. Bf5
Rc7 16. Ne5 Nxe5 17. dxe5 Ne4 18. Bxe7 Rxe7 19. f4 Nxc3 20. Rxc3 f6 21. exf6
Rxf6 22. Bg4 Rd6 23. Rf2 b5 24. Rd2 Qe8 25. Kf2 Qc6 26. Bf3 Qc5 27. b4 Qc6 28.
e4 Qb6+ 29. Kf1 d4 30. e5 Bxf3 31. gxf3 Rg6 32. Rxd4 Rd7 33. Rxd7 Qg1+ 34. Ke2
Rg2# 0-1

[Event "IX Floripa Chess Open Fort Atacadista"]
[Site "Florianópolis - Santa Catari"]
[Date "2023.01.26"]
[Round "5.196"]
[White "Ricci, Lucas Estremes"]
[Black "Ramazzotte, Esther Zilli"]
[Result "0-1"]
[WhiteElo "1559"]
[BlackElo "1291"]
[PlyCount "52"]
[EventDate "2023.01.23"]
[EventRounds "10"]
[EventCountry "BRA"]

1. d4 d5 2. c4 e6 3. Nf3 Nf6 4. g3 Nbd7 5. Bg2 Be7 6. O-O O-O 7. b3 c6 8. Nc3
Re8 9. Bb2 Bd6 10. Qc2 e5 11. dxe5 Bxe5 12. Nxe5 Nxe5 13. cxd5 cxd5 14. Nb5 Bg4
15. Rac1 Rc8 16. Qd2 Nc6 17. Rfe1 a6 18. Nd4 Nxd4 19. Bxd4 Rxc1 20. Rxc1 Rxe2
21. Qg5 h6 22. Qf4 Qe7 23. Bxd5 Bh3 24. Be3 Nxd5 25. Qc4 Rxe3 26. Qxd5 Re1+ 0-1

[Event "IX Floripa Chess Open Fort Atacadista"]
[Site "Florianópolis - Santa Catari"]
[Date "2023.01.26"]
[Round "5.197"]
[White "Romais, Rodrigo"]
[Black "Mesquita, Victor Noronha"]
[Result "1/2-1/2"]
[WhiteElo "1548"]
[BlackElo "1289"]
[PlyCount "40"]
[EventDate "2023.01.23"]
[EventRounds "10"]
[EventCountry "BRA"]

1. e4 d5 2. exd5 Qxd5 3. Nf3 Bg4 4. Be2 Nc6 5. Nc3 Qh5 6. h3 e6 7. d3 Bb4 8.
O-O Bxf3 9. Bxf3 Qc5 10. Ne4 Qe7 11. a3 Bd6 12. d4 O-O-O 13. Nxd6+ Qxd6 14. c3
Nge7 15. Bg5 f6 16. Bh4 Nf5 17. Bg3 Nxg3 18. fxg3 e5 19. Bxc6 Qxc6 20. Qg4+ Qd7
1/2-1/2

[Event "IX Floripa Chess Open Fort Atacadista"]
[Site "Florianópolis - Santa Catari"]
[Date "2023.01.26"]
[Round "5.198"]
[White "Vaz, Vania Dora Madona"]
[Black "Barbosa, Kassio Rodrigo"]
[Result "0-1"]
[WhiteElo "1267"]
[BlackElo "1540"]
[PlyCount "56"]
[EventDate "2023.01.23"]
[EventRounds "10"]
[EventCountry "BRA"]

1. e4 c5 2. Nf3 e6 3. c3 d5 4. e5 Nc6 5. d4 Nge7 6. Be2 Nf5 7. O-O Qb6 8. g4
Nfe7 9. dxc5 Qxc5 10. Be3 Qa5 11. b4 Qc7 12. Bd4 Ng6 13. Bb5 Be7 14. Qd2 O-O
15. Re1 Bd7 16. Bd3 a6 17. Na3 Rac8 18. Kg2 Nh4+ 19. Nxh4 Bxh4 20. g5 Nxd4 21.
cxd4 Qc3 22. Qe3 g6 23. Nc2 Bxg5 24. Qh3 Bb5 25. Bxb5 Qxh3+ 26. Kxh3 Rxc2 27.
Be2 Bd2 28. Bd3 Rc3 0-1

[Event "IX Floripa Chess Open Fort Atacadista"]
[Site "Florianópolis - Santa Catari"]
[Date "2023.01.26"]
[Round "5.199"]
[White "Bokhonok, Tatiana Dos Santos "]
[Black "Rahn, Marlon Cristiano"]
[Result "1-0"]
[WhiteElo "1539"]
[BlackElo "1226"]
[PlyCount "45"]
[EventDate "2023.01.23"]
[EventRounds "10"]
[EventCountry "BRA"]

1. d4 b6 2. c4 Bb7 3. Nc3 e6 4. Nf3 Bb4 5. Bd2 Nf6 6. Bg5 d6 7. Qa4+ Nc6 8. d5
Bxc3+ 9. bxc3 Qd7 10. Bxf6 gxf6 11. dxc6 Bxc6 12. Qc2 f5 13. Nd4 Be4 14. Qd2 e5
15. Nb3 f4 16. O-O-O Qa4 17. f3 Bg6 18. g3 fxg3 19. hxg3 Qxc4 20. e4 Qa4 21.
Kb2 O-O-O 22. Qd5 Kb8 23. Bb5 1-0

[Event "IX Floripa Chess Open Fort Atacadista"]
[Site "Florianópolis - Santa Catari"]
[Date "2023.01.26"]
[Round "5.200"]
[White "Fraga, Sofia Carneiro"]
[Black "Gomes, Carlos"]
[Result "1/2-1/2"]
[WhiteElo "1850"]
[BlackElo "1537"]
[PlyCount "47"]
[EventDate "2023.01.23"]
[EventRounds "10"]
[EventCountry "BRA"]

1. e4 e5 2. Nf3 Nf6 3. d4 Nxe4 4. Bd3 d5 5. Bxe4 dxe4 6. Nxe5 Bd6 7. O-O O-O 8.
Nc3 f6 9. Nc4 f5 10. f3 exf3 11. Qxf3 Nc6 12. Nxd6 Qxd6 13. Rd1 Nxd4 14. Qf2 c5
15. Nb5 Qb6 16. Nxd4 cxd4 17. Rxd4 Be6 18. b3 a6 19. Bb2 Rad8 20. Rad1 Rxd4 21.
Bxd4 Rd8 22. Qf4 Qd6 23. Qf2 g6 24. Qh4 1/2-1/2

[Event "IX Floripa Chess Open Fort Atacadista"]
[Site "Florianópolis - Santa Catari"]
[Date "2023.01.26"]
[Round "5.202"]
[White "Liebl, Livia"]
[Black "De Bortolo, Paulo Ricardo"]
[Result "1-0"]
[WhiteElo "1529"]
[BlackElo "1800"]
[PlyCount "199"]
[EventDate "2023.01.23"]
[EventRounds "10"]
[EventCountry "BRA"]

1. d4 Nf6 2. e3 d5 3. f4 e6 4. Nf3 c5 5. c3 b6 6. Bd3 Be7 7. Nbd2 O-O 8. O-O
Ba6 9. Bxa6 Nxa6 10. Ne5 Nc7 11. Rf3 Nce8 12. Rh3 Nd6 13. g4 Nfe4 14. Nxe4 Nxe4
15. Bd2 f6 16. Nc6 Qc7 17. Nxe7+ Qxe7 18. Be1 Qf7 19. Qe2 c4 20. Bh4 f5 21.
gxf5 exf5 22. Kh1 g6 23. Rg1 Kh8 24. Bg5 a5 25. Rh6 Qe6 26. Bh4 Rg8 27. Be1 b5
28. a3 Rg7 29. Qf3 Raa7 30. Qh3 Kg8 31. Qh4 Qd6 32. Qh3 Rab7 33. Qf3 Qd7 34.
Qe2 Ra7 35. Rh3 Qe8 36. Rf3 Rae7 37. h4 Re6 38. Rh3 Nf6 39. Bd2 Ng4 40. Qf3 Re4
41. Rb1 a4 42. Re1 Rge7 43. Re2 h5 44. Re1 Rg7 45. Re2 Qf7 46. Re1 Kh7 47. Rg1
Nf6 48. Rhg3 Kh6 49. R3g2 Ne8 50. Qg3 Qf6 51. Qg5+ Qxg5 52. Rxg5 Nf6 53. R5g3
Nd7 54. Be1 Nb8 55. Bd2 Nc6 56. R1g2 Na5 57. Bc1 Nb3 58. Bd2 Re6 59. Kg1 Rge7
60. Be1 Nc1 61. Bd2 Nd3 62. Kf1 Nxb2 63. Bc1 Nd3 64. Bd2 Rb7 65. Re2 Kg7 66.
Rgg2 Rbb6 67. Rg5 Kf7 68. Rg3 Ra6 69. Rg5 Reb6 70. Rg3 b4 71. cxb4 Rb5 72. Bc3
Re6 73. Rc2 Re4 74. Rcg2 Rb6 75. Bd2 Rc6 76. Bc3 Nc1 77. Rc2 Nb3 78. Rcg2 Rce6
79. Kf2 Nc1 80. Bb2 Nd3+ 81. Kf1 Nxb2 82. Rxb2 Rxe3 83. Rxe3 Rxe3 84. Ra2 Rb3
85. Kf2 c3 86. Ke3 c2+ 87. Kd2 Rh3 88. Rxc2 Rxa3 89. Rc7+ Ke8 90. b5 Rh3 91.
Kc2 Kd8 92. Rc5 Rxh4 93. b6 Rh3 94. b7 Rh2+ 95. Kc3 Rh3+ 96. Kc2 Rh2+ 97. Kb1
Rh1+ 98. Ka2 Rh2+ 99. Ka3 Kd7 100. b8=Q 1-0

[Event "IX Floripa Chess Open Fort Atacadista"]
[Site "Florianópolis - Santa Catari"]
[Date "2023.01.26"]
[Round "5.203"]
[White "Mayara Sibowicz, Giovanna"]
[Black "Santos, Mike Sperandio"]
[Result "0-1"]
[WhiteElo "1528"]
[BlackElo "1811"]
[PlyCount "60"]
[EventDate "2023.01.23"]
[EventRounds "10"]
[EventCountry "BRA"]

1. e4 c5 2. Nf3 d6 3. d4 cxd4 4. Nxd4 Nf6 5. Nc3 a6 6. Bc4 e6 7. O-O Be7 8. Be3
O-O 9. Nde2 b5 10. Bd3 Bb7 11. f3 Nc6 12. Ng3 Qc7 13. Nce2 Rac8 14. c4 bxc4 15.
Bxc4 Ne5 16. Bb3 d5 17. Rc1 Qd6 18. Bf4 Rxc1 19. Nxc1 Qb6+ 20. Kh1 Ng6 21. Bg5
dxe4 22. Nxe4 Bxe4 23. fxe4 Nxe4 24. Bxe7 Nxe7 25. Qe2 Nf6 26. Nd3 Nf5 27. Ne5
Nd4 28. Qf2 Qd6 29. Nc4 Qc5 30. Rd1 Nxb3 0-1